[Event "RSA-chT U20"]
[Site "Boksburg"]
[Date "2020.01.06"]
[Round "5.2"]
[White "Chibase, Nkosana"]
[Black "Mazibuko, Khanya"]
[Result "0-1"]
[WhiteElo "1711"]
[BlackElo "1952"]
[PlyCount "110"]
[EventDate "2020.01.04"]
[EventType "team-tourn"]
[EventRounds "7"]
[EventCountry "RSA"]
[SourceTitle "CBM 194 Extra"]
[Source "ChessBase"]
[SourceDate "2020.03.31"]
[SourceVersion "1"]
[SourceVersionDate "2020.03.31"]
[SourceQuality "1"]
[WhiteTeam "Sedibeng U20"]
[BlackTeam "Tshwane Chess U20"]
[WhiteTeamCountry "RSA"]
[BlackTeamCountry "RSA"]

1. d4 Nf6 2. c4 e6 3. Nc3 Bb4 4. Qc2 0-0 5. Bg5 d5 6. e3 b6 7. Nf3 h6 8. Bh4 Ba6 9. Ne5 dxc4 10. Bxc4 Bxc4 11. Nxc4 Qd5 12. Nd2 Qxg2 13. 0-0-0 Nbd7 14. Bxf6 Nxf6 15. Nde4 Nxe4 16. Nxe4 Rfc8 17. Nf6+ Kf8 18. Rdg1 Qb7 19. Nd7+ Ke7 20. Ne5 c5 21. d5 Qxd5 22. Nxf7 Qd2+ 23. Qxd2 Bxd2+ 24. Kxd2 Kxf7 25. h4 Rd8+ 26. Kc3 Rd5 27. Rg4 Rg8 28. Rhg1 g6 29. Ra4 Rd7 30. Rf4+ Ke7 31. Rfg4 Kf6 32. Rf4+ Ke5 33. Rfg4 Rf7 34. Rxg6 Rxg6 35. Rxg6 Rxf2 36. Rxh6 Re2 37. Rh7 Rxe3+ 38. Kd2 Rh3 39. h5 Kd4 40. h6 Rh2+ 41. Kc1 e5 42. Rh8 Kd3 43. Rd8+ Ke3 44. Rh8 e4 45. h7 c4 46. b4 b5 47. Kd1 a6 48. a3 Rd2+ 49. Kc1 Rd7 50. Kc2 Kd4 51. Ra8 Rxh7 52. Rxa6 Rh2+ 53. Kd1 Kc3 54. Rb6 Kb2 55. Rxb5 c3 0-1